000 00238nam a2200097Ia 4500
001 793129
005 20250826170643.0
008 250824s9999 xx 000 0 und d
245 0 _aBANA ALLAH YETER
_cUĞUR KOŞAR
260 _bDESTEK YAYINLARI
999 _c793129
_d793129